| 000 | 00651nam a2200229Ia 4500 | ||
|---|---|---|---|
| 003 | OSt | ||
| 005 | 20220928130844.0 | ||
| 006 | a|||||r|||| 00| 0 | ||
| 007 | ta | ||
| 008 | 220927b |||||||| |||| 00| 0 eng d | ||
| 024 | _a6110 | ||
| 037 | _cTextual | ||
| 040 |
_aSDCL _cSDCL _beng |
||
| 041 |
_2eng _aeng |
||
| 082 | _aO15,1K:g, P7 | ||
| 100 |
_aSrivastava Anand Kumar _9470647 |
||
| 245 | 0 |
_aLater sanskrit rhetoricians _b Post Panditaraja era. |
|
| 260 |
_aDelhi _bEastern Book Linkers _c2007 |
||
| 300 |
_axxiii,155p _ccm. |
||
| 942 |
_hO15,1K:g, P7 _cTEXL _2CC |
||
| 999 |
_c788857 _d788857 |
||